Top 10 des jeux les plus jouer de l'histoire - Statistiques

Statistiques générales
  • Ce quiz a été pris 99 fois
    96 depuis la dernière actualisation
  • Le résultat moyen est 3 sur 10
Statistiques - réponses
Hint Réponse % Correct
730k d'années de jeu cumulées GTA 5
71%
10,4m d'années de jeu cumulées Fortnite
67%
12k d'années de jeu cumulées FIFA 20
52%
47,6k d'années de jeu cumulées Rocket League
20%
274k d'années de jeu cumulées Call of Duty MW 2019
16%
5,7m d'années de jeu cumulées World of Warcraft
16%
90,4k d'années de jeu cumulées Assassin’s Creed Odyssey
12%
1,53m d'années de jeu cumulées Overwatch
7%
115,5k d'années de jeu cumulées Fallout 4
3%
342k d'années de jeu cumulées The Witcher 3
2%
Aucun quiz correspondant
Distribution des résultats
% des personnes avec chaque résultat
Percentile par nombre de réponses
Votre historique - résultats
Vous n’avez pas pris ce quiz depuis la dernière actualisation